| 000 | 00406nam a22001697a 4500 | ||
|---|---|---|---|
| 999 |
_c4719 _d4717 |
||
| 005 | 20210909153832.0 | ||
| 008 | 160629b xxu||||| |||| 00| 0 eng d | ||
| 020 | _a81-89757-76-8 | ||
| 041 | _aeng | ||
| 082 | _b12493 | ||
| 100 |
_aSharma, Vikram _93212 |
||
| 245 | _aFundamental of Computer Aided Design | ||
| 260 |
_bKatson _c2011 |
||
| 300 | _a387 | ||
| 650 |
_aDiploma Engineering _9817 |
||
| 942 | _cBK | ||